000 00665nam a2200253Ia 4500
003 OSt
005 20221006151149.0
006 a|||||r|||| 00| 0
007 ta
008 221006b |||||||| |||| 00| 0 jpn d
024 _a21,154
037 _bGift, Japan Foundation
_cTextual
040 _aEASL
_cEASL
_bjpn
041 _2jpn
_ajpn
082 _a1008353
100 _aHOSHINO Yoshiro
_9658468
245 0 _aGijitsu to ningen
260 _aTokyo
_bChuko Bunko Japan
_c1969
300 _a214p.
_ccm.
490 _v JL
650 _aJL
942 _h1008353
_cTEXL
_2CC
999 _c1089240
_d1089240